An Outline of Child Psychology/ (Record no. 188283)
[ view plain ]
| 000 -LEADER | |
|---|---|
| fixed length control field | 00597nam a22001817a 4500 |
| 005 - DATE AND TIME OF LATEST TRANSACTION | |
| control field | 20220517112854.0 |
| 010 ## - LCCN (DPL NO) | |
| LC control number | ENG-132638 |
| 020 ## - INTERNATIONAL STANDARD BOOK NUMBER | |
| International Standard Book Number | 9789389740738 |
| Terms of availability | 595.00 |
| 035 ## - SYSTEM CONTROL NUMBER | |
| System control number | EN-116170 |
| 037 ## - SOURCE OF ACQUISITION | |
| Source of stock number/acquisition | DBAD/PUB |
| 082 ## - DEWEY DECIMAL CLASSIFICATION NUMBER | |
| Classification number | 155.4 |
| 100 ## - MAIN ENTRY--PERSONAL NAME | |
| Personal name | Chaube, S.P. |
| 245 ## - TITLE STATEMENT | |
| Title | An Outline of Child Psychology/ |
| Statement of responsibility, etc | S.P. Chaube and Akhilesh Chaube |
| 260 ## - PUBLICATION, DISTRIBUTION, ETC. (IMPRINT) | |
| Place of publication, distribution, etc | New Delhi |
| Name of publisher, distributor, etc | Neelkamal Publications Pvt. Ltd |
| Date of publication, distribution, etc | 2021 |
| 270 ## - ADDRESS | |
| Address | 4761/1, 23, Ansari Road, Daryaganj |
| City | New Delhi |
| Postal code | 110002 |
| Electronic mail address | neelkamalbooks@gmail.com |
| 300 ## - PHYSICAL DESCRIPTION | |
| Extent | xxii, 370p |
| Other physical details | Index |
| Dimensions | 25cm(pbk) |
| 942 ## - ADDED ENTRY ELEMENTS (KOHA) | |
| Source of classification or shelving scheme | Dewey Decimal Classification |
| Item type | English Books |
| Call number suffix | CHA |
| Classification part | 155.4 |
| Withdrawn status | Lost status | Not for loan | Collection code | Home library | Current library | Date acquired | Source of acquisition | Cost, normal purchase price | Full call number | Barcode | Copy number | Cost, replacement price | Koha item type |
|---|---|---|---|---|---|---|---|---|---|---|---|---|---|
| Non-fiction | Patel Nagar | Patel Nagar | 17/05/2022 | DBAD/PUB | 595.00 | 155.4 CHA | EN-116170 | 1 | 595.00 | English Books |
